000 00331 a2200145 4500
001 169886
020 _a
040 _cMagnum
100 _aLobo, Aldina Silveira
240 1 0 _aAprendizagem assistida pela avaliacao
_lpor
245 1 0 _aAprendizagem assistida pela avaliacao
362 0 _a1899
697 _aENSINO
942 _cBK
999 _c169886
_d169886